[Event "First Saturday FM-B March 2014"]
[Site "Budapest"]
[Date "2014.03.01"]
[Round "1.1"]
[White "Oberfrank, Istvan"]
[Black "Bensaid, Simon"]
[Result "0-1"]
[WhiteElo "1820"]
[BlackElo "1782"]
[PlyCount "66"]
[EventDate "2014.03.01"]

1. e4 d5 2. exd5 Qxd5 3. Nc3 Qd6 4. d4 Nf6 5. h3 Bf5 6. Nge2 a6 7. Bf4 Qd7 8.
Ng3 Bg6 9. a3 e6 10. Be2 Nc6 11. Bd3 Nxd4 12. Bxg6 hxg6 13. Be5 O-O-O 14. Bxd4
Qxd4 15. Qxd4 Rxd4 16. Nge2 Rd7 17. O-O g5 18. Rad1 Nd5 19. Ne4 Be7 20. c4 Nb6
21. Rxd7 Nxd7 22. f3 Ne5 23. Rd1 Nxc4 24. Rb1 Rd8 25. Kf1 f5 26. Rc1 Nxb2 27.
Rc2 fxe4 28. Rxb2 exf3 29. gxf3 Rd1+ 30. Kf2 Bc5+ 31. Kg3 Bxa3 32. Rc2 b5 33.
Nc3 Rc1 0-1

[Event "First Saturday FM-B March 2014"]
[Site "Budapest"]
[Date "2014.03.01"]
[Round "1.2"]
[White "Greibrokk, Ingrid Andrea"]
[Black "Lakat, Gyula"]
[Result "1-0"]
[WhiteElo "1630"]
[BlackElo "1789"]
[PlyCount "81"]
[EventDate "2014.03.01"]

1. e4 e6 2. d4 d5 3. Nd2 Nf6 4. e5 Nfd7 5. f4 c5 6. c3 Nc6 7. Ne2 Qb6 8. Nf3
cxd4 9. cxd4 Bb4+ 10. Bd2 O-O 11. g3 f6 12. Bg2 fxe5 13. fxe5 a5 14. Bxb4 axb4
15. Qd3 b3 16. a3 Ndxe5 17. dxe5 Nxe5 18. Qc3 Nxf3+ 19. Bxf3 Bd7 20. Qd4 Qa5+
21. Kf2 e5 22. Qxe5 Rae8 23. Qd4 Re4 24. Qd3 Rxf3+ 25. Qxf3 Bg4 26. Qd3 Qc5+
27. Kf1 Re3 28. Qd2 Qf8+ 29. Nf4 Re5 30. Re1 Rf5 31. h3 Bf3 32. Rh2 g5 33. Rf2
Be4 34. Ng2 h6 35. Ne3 Rf3 36. Ree2 Qc8 37. Rxf3 Qxh3+ 38. Kf2 Qh2+ 39. Ng2 g4
40. Rxe4 dxe4 41. Qd5+ 1-0

[Event "First Saturday FM-B March 2014"]
[Site "Budapest"]
[Date "2014.03.01"]
[Round "1.4"]
[White "Szurkos, Andras"]
[Black "Machlik, Endre"]
[Result "1-0"]
[WhiteElo "1740"]
[BlackElo "1763"]
[PlyCount "69"]
[EventDate "2014.03.01"]

1. e4 c6 2. d4 d5 3. Nc3 dxe4 4. Nxe4 Bf5 5. Ng3 Bg6 6. h4 h6 7. Nf3 Nd7 8. Bd3
Bxd3 9. Qxd3 Ngf6 10. Qe2 e6 11. Ne4 Nxe4 12. Qxe4 Nf6 13. Qe2 Be7 14. c3 O-O
15. Ne5 c5 16. g4 Qd5 17. Rg1 Ne4 18. g5 hxg5 19. f3 Nd6 20. hxg5 cxd4 21. Qh2
Nf5 22. Rh1 Nh4 23. Qxh4 Qxe5+ 24. Kf2 f5 25. Bf4 Qc5 26. Rae1 dxc3+ 27. Be3
Qb4 28. Bd4 Qxb2+ 29. Re2 Qb4 30. Qh7+ Kf7 31. Qxg7+ Ke8 32. Bxc3 Bc5+ 33. Kg2
Qc4 34. Rhe1 Kd8 35. Rxe6 1-0

[Event "First Saturday FM-B March 2014"]
[Site "Budapest"]
[Date "2014.03.01"]
[Round "1.5"]
[White "Szlenka, Attila"]
[Black "Ongut, Tamas Gunes"]
[Result "1-0"]
[WhiteElo "1804"]
[BlackElo "1531"]
[PlyCount "103"]
[EventDate "2014.03.01"]

1. g3 g6 2. Bg2 Bg7 3. d4 d5 4. Nc3 Nf6 5. Bg5 c6 6. Nf3 Nbd7 7. O-O O-O 8. Ne5
Nxe5 9. dxe5 Ng4 10. Qc1 Nxe5 11. Bh6 e6 12. Bxg7 Kxg7 13. b3 Qf6 14. Qd2 b6
15. Rad1 Bb7 16. f4 Nd7 17. e4 Rad8 18. e5 Qe7 19. h3 Nc5 20. Rfe1 Na6 21. Ne2
Nc7 22. Kh2 Ba6 23. Nd4 Bb7 24. g4 c5 25. f5 exf5 26. gxf5 Kh8 27. f6 Qe8 28.
Qh6 Rg8 29. Nf3 Qf8 30. Qh4 Ne6 31. Ng5 Nxg5 32. Qxg5 h6 33. Qh4 g5 34. Qh5 Rd7
35. Bf3 d4 36. Bg4 Rd8 37. Bf5 Bc8 38. Be4 Be6 39. Rg1 Bd5 40. Bd3 Re8 41. Rde1
Be6 42. Rg3 Rb8 43. a4 a5 44. Reg1 g4 45. h4 Re8 46. Re1 Rd8 47. Reg1 Re8 48.
Bf5 Bxf5 49. Qxf5 Rg6 50. Rxg4 c4 51. Rxg6 fxg6 52. Rxg6 1-0

[Event "First Saturday FM-B March 2014"]
[Site "Budapest"]
[Date "2014.03.03"]
[Round "2.1"]
[White "Bensaid, Simon"]
[Black "Ongut, Tamas Gunes"]
[Result "0-1"]
[WhiteElo "1782"]
[BlackElo "1531"]
[PlyCount "70"]
[EventDate "2014.03.01"]

1. e4 c5 2. Nf3 d6 3. d4 cxd4 4. Nxd4 Nf6 5. Nc3 g6 6. g3 Bg7 7. Nde2 Nc6 8.
Bg2 O-O 9. O-O Bd7 10. h3 Rc8 11. Bg5 Qa5 12. Nd5 Rfe8 13. Re1 Be6 14. Bxf6
exf6 15. c3 Bxd5 16. exd5 Ne5 17. Nd4 f5 18. a4 a6 19. Qb3 Qc7 20. Rac1 Kf8 21.
Rcd1 Nc4 22. Bf1 Nb6 23. h4 h5 24. Re6 fxe6 25. Nxe6+ Rxe6 26. dxe6 Ke7 27. Bg2
Rb8 28. Qb4 Nc8 29. Qf4 Kf8 30. Bh3 Qe7 31. g4 hxg4 32. Bxg4 Qxh4 33. f3 Be5
34. Qc4 Qh2+ 35. Kf1 Bg3 0-1

[Event "First Saturday FM-B March 2014"]
[Site "Budapest"]
[Date "2014.03.03"]
[Round "2.2"]
[White "Machlik, Endre"]
[Black "Szlenka, Attila"]
[Result "1-0"]
[WhiteElo "1763"]
[BlackElo "1804"]
[PlyCount "97"]
[EventDate "2014.03.01"]

1. d4 Nf6 2. c4 d6 3. Nc3 Nbd7 4. e4 e5 5. Nf3 c6 6. g3 Be7 7. Bg2 O-O 8. O-O
a6 9. b3 b5 10. Bb2 Rb8 11. Qc2 Qc7 12. Rac1 b4 13. Ne2 c5 14. d5 Nh5 15. Nd2
g6 16. f4 exf4 17. gxf4 Bf6 18. Ng3 Nxg3 19. hxg3 Qd8 20. Rce1 Re8 21. Bxf6
Nxf6 22. Qb2 Ng4 23. Bh3 f6 24. Bxg4 Bxg4 25. e5 Bh3 26. Rf3 fxe5 27. fxe5 Bf5
28. Rfe3 Qg5 29. Nf1 Bh3 30. Qe2 Bxf1 31. Kxf1 Rf8+ 32. Kg2 Rbd8 33. exd6 Rxd6
34. Re8 Qf6 35. Rxf8+ Qxf8 36. Qe8 Rf6 37. Re2 Rf2+ 38. Kh3 Rxe2 39. Qxe2 Qf5+
40. Kg2 h5 41. d6 h4 42. Qe8+ Kg7 43. Qe7+ Kg8 44. d7 h3+ 45. Kh2 Qf2+ 46. Kxh3
Qf1+ 47. Kh4 Qh1+ 48. Kg5 Qh5+ 49. Kf4 1-0

[Event "First Saturday FM-B March 2014"]
[Site "Budapest"]
[Date "2014.03.03"]
[Round "2.3"]
[White "Jarai, Csenge"]
[Black "Szurkos, Andras"]
[Result "1-0"]
[WhiteElo "1523"]
[BlackElo "1740"]
[PlyCount "91"]
[EventDate "2014.03.01"]

1. e4 e5 2. Nf3 Nc6 3. Bb5 a6 4. Ba4 Nf6 5. O-O d6 6. Re1 Bd7 7. c3 Be7 8. h3
h6 9. d4 b5 10. Bc2 g5 11. dxe5 Nxe5 12. Nxe5 dxe5 13. Nd2 h5 14. Nf3 g4 15.
Ng5 gxh3 16. Bb3 h2+ 17. Kh1 Ng4 18. Qf3 Nf6 19. Nxf7 Qc8 20. Nxh8 Bg4 21. Qe3
Be6 22. Qh6 Bxb3 23. Qg6+ Kd7 24. axb3 Qxh8 25. Qf5+ Kc6 26. Qxe5 Bd6 27. Qf5
Ng4 28. Qd5+ Kd7 29. Be3 Rf8 30. f3 Ne5 31. Rxa6 Qg8 32. Qxb5+ Ke7 33. Bc5 Qg3
34. Bxd6+ cxd6 35. Qb7+ Nd7 36. Rd1 Rxf3 37. e5 Rd3 38. exd6+ Kf6 39. Rf1+ Ke6
40. Qc8 Rxd6 41. Qe8+ Kd5 42. Rxd6+ Kxd6 43. Rd1+ Kc5 44. Qxd7 h4 45. Rd5+ Kb6
46. Rb5+ 1-0

[Event "First Saturday FM-B March 2014"]
[Site "Budapest"]
[Date "2014.03.03"]
[Round "2.4"]
[White "Lakat, Gyula"]
[Black "Jacobsen, Elise Sjottem"]
[Result "1-0"]
[WhiteElo "1789"]
[BlackElo "1672"]
[PlyCount "115"]
[EventDate "2014.03.01"]

1. d4 Nf6 2. c4 c5 3. d5 b5 4. cxb5 a6 5. bxa6 Bxa6 6. Nc3 g6 7. e4 Bxf1 8.
Kxf1 d6 9. f3 Bg7 10. Nge2 O-O 11. g4 Nbd7 12. Kg2 Qa5 13. h4 h5 14. g5 Ne8 15.
f4 Nc7 16. Qc2 f6 17. Bd2 Nb5 18. Nxb5 Qxb5 19. Bc3 f5 20. Bxg7 Kxg7 21. Nc3
Qc4 22. Rhe1 Rae8 23. b3 Qa6 24. e5 dxe5 25. fxe5 e6 26. d6 Qc6+ 27. Kf2 c4 28.
Na4 Nb6 29. Nxb6 Qxb6+ 30. Kf1 cxb3 31. axb3 Rc8 32. Qd3 Qb7 33. Kg1 Qb4 34.
Re3 Qxh4 35. Rg3 Rf7 36. Rg2 Qf4 37. Re1 Qb4 38. Re3 Rd7 39. Qd2 Qb6 40. Kh2
Rc5 41. Qd4 Qb5 42. Rge2 Rd5 43. Qa4 Qxa4 44. bxa4 Rd4 45. Ra3 Kf7 46. a5 Ra7
47. a6 Rh4+ 48. Kg1 Rg4+ 49. Kf1 Rc4 50. Rb2 Rc8 51. Rb7+ Rxb7 52. axb7 Rb8 53.
Rc3 Rd8 54. Rc8 Rxc8 55. bxc8=Q Kg7 56. d7 h4 57. d8=R h3 58. Qd7# 1-0

[Event "First Saturday FM-B March 2014"]
[Site "Budapest"]
[Date "2014.03.03"]
[Round "2.5"]
[White "Oberfrank, Istvan"]
[Black "Greibrokk, Ingrid Andrea"]
[Result "0-1"]
[WhiteElo "1820"]
[BlackElo "1630"]
[PlyCount "106"]
[EventDate "2014.03.01"]

1. e4 c5 2. Nf3 Nc6 3. d4 cxd4 4. Nxd4 Nf6 5. Nc3 g6 6. Nb3 Bg7 7. Qe2 d6 8.
Bd2 O-O 9. O-O-O a6 10. Kb1 b5 11. a3 b4 12. axb4 Nxb4 13. Na2 Nxa2 14. Ba5
Nc3+ 15. Bxc3 a5 16. f3 a4 17. Nc1 Qc7 18. Qc4 Qd8 19. Qb4 Be6 20. Qa3 Qc7 21.
Rd4 Nd7 22. Rb4 Bxc3 23. Qxc3 Qxc3 24. bxc3 Rfc8 25. c4 Ne5 26. Bd3 Nxc4 27.
Bxc4 Bxc4 28. Rd1 Rab8 29. Rxb8 Rxb8+ 30. Ka1 a3 31. Nd3 Bxd3 32. Rxd3 Rb2 33.
Rc3 Kg7 34. g3 Kf6 35. f4 Rb4 36. Re3 Rc4 37. c3 e5 38. Ka2 Ra4 39. Re2 Ke6 40.
h3 exf4 41. gxf4 f5 42. e5 Rxf4 43. exd6+ Kxd6 44. Kxa3 Rf3 45. Kb4 Rxh3 46. c4
f4 47. c5+ Kc6 48. Re6+ Kd7 49. Rf6 f3 50. Kb5 Ke7 51. c6 Kxf6 52. c7 f2 53.
c8=Q f1=Q+ 0-1

[Event "First Saturday FM-B March 2014"]
[Site "Budapest"]
[Date "2014.03.04"]
[Round "3.1"]
[White "Greibrokk, Ingrid Andrea"]
[Black "Bensaid, Simon"]
[Result "1-0"]
[WhiteElo "1630"]
[BlackElo "1782"]
[PlyCount "69"]
[EventDate "2014.03.01"]

1. e4 d5 2. exd5 Qxd5 3. Nc3 Qd6 4. d4 Nf6 5. g3 Bg4 6. Nge2 a6 7. Bg2 c6 8.
Bf4 Qd7 9. a4 e6 10. a5 Be7 11. O-O Nd5 12. Nxd5 exd5 13. Qd2 O-O 14. Nc1 Qd8
15. Nd3 Nd7 16. Rfe1 Nf6 17. Ne5 Bf5 18. f3 c5 19. dxc5 Bxc5+ 20. Be3 Bd6 21.
Bb6 Qc8 22. c3 Bc5+ 23. Bxc5 Qxc5+ 24. Qe3 Qb5 25. Qe2 Qc5+ 26. Qf2 Qc7 27. Qd4
Rac8 28. Ng4 Nxg4 29. fxg4 Be6 30. Bxd5 Rfd8 31. c4 Qd6 32. Rad1 Qb4 33. Rxe6
Rxc4 34. Bxc4 Rxd4 35. Re8+ 1-0

[Event "First Saturday FM-B March 2014"]
[Site "Budapest"]
[Date "2014.03.04"]
[Round "3.2"]
[White "Jacobsen, Elise Sjottem"]
[Black "Oberfrank, Istvan"]
[Result "1/2-1/2"]
[WhiteElo "1672"]
[BlackElo "1820"]
[PlyCount "112"]
[EventDate "2014.03.01"]

1. e4 e6 2. d4 d5 3. Nc3 c5 4. exd5 exd5 5. dxc5 Be6 6. b4 a5 7. Bf4 Be7 8. Nb5
Na6 9. c3 axb4 10. cxb4 Nf6 11. Nf3 O-O 12. a3 Ne4 13. Bd3 Bg4 14. Bxe4 dxe4
15. Qxd8 Rfxd8 16. Ne5 Be6 17. Rc1 g5 18. Be3 f6 19. Nc4 Bxc4 20. Rxc4 f5 21.
g4 f4 22. Rxe4 Bf6 23. Bc1 Rd3 24. O-O Kf8 25. Re2 Rad8 26. Bb2 f3 27. Rc2 Bxb2
28. Rxb2 Nb8 29. Nd6 Rd7 30. Ra2 b6 31. Nc4 Rd1 32. Ne3 Rxf1+ 33. Kxf1 bxc5 34.
bxc5 Rc7 35. Rc2 Nd7 36. c6 Ne5 37. Nd5 Rxc6 38. Rxc6 Nxc6 39. Nf6 h6 40. Ne4
Ke7 41. Ke1 Ne5 42. h3 Ke6 43. Ng3 Nd3+ 44. Kd2 Nxf2 45. Ke3 Nxh3 46. Kxf3 Nf4
47. Nf5 Kd5 48. Nxh6 Ng6 49. Nf5 Ne5+ 50. Kg3 Kc5 51. Ne3 Kb5 52. Nc2 Ka4 53.
Nd4 Kxa3 54. Nf3 Nxg4 55. Kxg4 Kb4 56. Kxg5 Kc5 1/2-1/2

[Event "First Saturday FM-B March 2014"]
[Site "Budapest"]
[Date "2014.03.04"]
[Round "3.3"]
[White "Szurkos, Andras"]
[Black "Lakat, Gyula"]
[Result "0-1"]
[WhiteElo "1740"]
[BlackElo "1789"]
[PlyCount "102"]
[EventDate "2014.03.01"]

1. e4 e6 2. d4 d5 3. Nc3 Nf6 4. e5 Nfd7 5. Nf3 a6 6. Ng5 g6 7. Qf3 Qe7 8. g3 c5
9. Qf4 cxd4 10. Ne2 Nc6 11. Nf3 Bg7 12. Nexd4 Ncxe5 13. Bg2 Nxf3+ 14. Nxf3 Qc5
15. Qd2 O-O 16. O-O Nb6 17. c3 Bd7 18. Re1 Nc4 19. Qd1 Rad8 20. a4 Qc7 21. Ra2
b5 22. b3 Ne5 23. axb5 Nxf3+ 24. Bxf3 Bxb5 25. Rc2 Rd7 26. Bb2 Rc8 27. Qd2 Qb6
28. h4 h5 29. g4 hxg4 30. Bxg4 Qd8 31. Qg5 Qxg5 32. hxg5 Rdc7 33. Rec1 Be5 34.
Re1 Bf4 35. c4 dxc4 36. Bf6 cxb3 37. Rb2 Rc1 38. Rxc1 Rxc1+ 39. Kg2 Bc6+ 40.
Bf3 Bb5 41. Be2 Rc5 42. Be7 Rc7 43. Bf6 Rc5 44. Be7 Rc2 45. Rxb3 Rxe2 46. Rh3
Be5 47. Kf3 Rc2 48. Ke4 Bg7 49. f3 Re2+ 50. Kf4 Be5+ 51. Kg4 Rh2 0-1

[Event "First Saturday FM-B March 2014"]
[Site "Budapest"]
[Date "2014.03.04"]
[Round "3.4"]
[White "Szlenka, Attila"]
[Black "Jarai, Csenge"]
[Result "1/2-1/2"]
[WhiteElo "1804"]
[BlackElo "1523"]
[PlyCount "65"]
[EventDate "2014.03.01"]

1. g3 c5 2. Bg2 Nc6 3. e4 g6 4. Ne2 Bg7 5. O-O Nf6 6. c3 d5 7. d3 O-O 8. Nd2 e6
9. h3 Rb8 10. f4 Ne8 11. e5 Qb6 12. Nf3 d4 13. Kh1 f6 14. exf6 Nxf6 15. cxd4
cxd4 16. a3 Nd5 17. Rb1 Nce7 18. Ne5 Nc6 19. Nc4 Qd8 20. b4 b5 21. Nb2 Nce7 22.
g4 Bb7 23. Qb3 Qd7 24. Bd2 Nb6 25. Rbc1 Bxg2+ 26. Kxg2 Rbc8 27. Rxc8 Rxc8 28.
Rc1 Rxc1 29. Bxc1 Bf6 30. Kg3 Ned5 31. Nd1 Na4 32. Qc2 Kf7 33. Bd2 1/2-1/2

[Event "First Saturday FM-B March 2014"]
[Site "Budapest"]
[Date "2014.03.05"]
[Round "4.1"]
[White "Bensaid, Simon"]
[Black "Machlik, Endre"]
[Result "0-1"]
[WhiteElo "1782"]
[BlackElo "1763"]
[PlyCount "58"]
[EventDate "2014.03.01"]

1. e4 c6 2. Nc3 d5 3. Nf3 Bg4 4. h3 Bxf3 5. Qxf3 e6 6. d4 dxe4 7. Qxe4 Nf6 8.
Qh4 Be7 9. Bd3 Nd5 10. Qg4 Nxc3 11. bxc3 Bf6 12. Ba3 Qa5 13. Bb4 Qg5 14. Rb1
Qxg4 15. hxg4 Nd7 16. f4 b6 17. g5 Be7 18. g6 h6 19. gxf7+ Kxf7 20. O-O c5 21.
Ba3 c4 22. Bxe7 cxd3 23. Bh4 Rac8 24. Rb3 dxc2 25. Rc1 Rc4 26. Rxc2 Rhc8 27.
Bf2 Nf6 28. Kf1 Nd5 29. Be1 Ne3+ 0-1

[Event "First Saturday FM-B March 2014"]
[Site "Budapest"]
[Date "2014.03.05"]
[Round "4.2"]
[White "Jarai, Csenge"]
[Black "Ongut, Tamas Gunes"]
[Result "1-0"]
[WhiteElo "1523"]
[BlackElo "1531"]
[PlyCount "113"]
[EventDate "2014.03.01"]

1. e4 c5 2. Nf3 d6 3. d4 cxd4 4. Nxd4 Nf6 5. f3 g6 6. c4 Bg7 7. Be3 O-O 8. Qd2
Nc6 9. Nc3 Bd7 10. Rc1 Ne5 11. Be2 a6 12. O-O Rc8 13. b3 Re8 14. Rfd1 Qa5 15.
Bf1 h5 16. Rc2 Nc6 17. Rdc1 Nxd4 18. Bxd4 Be6 19. Be3 Nd7 20. Qf2 Qc7 21. Nd5
Bxd5 22. cxd5 Qb8 23. Ba7 Qa8 24. b4 Bh6 25. Be3 Bxe3 26. Qxe3 Rxc2 27. Rxc2
Rc8 28. Rxc8+ Qxc8 29. Qd2 Ne5 30. a4 Qc7 31. Be2 b5 32. axb5 axb5 33. Kf2 f6
34. h3 Nc4 35. Qc3 Qb6+ 36. Kg3 Qc7 37. Qd4 Kf8 38. f4 Na3 39. f5 Qc1 40. Qd3
Nc4 41. fxg6 Qg5+ 42. Kf2 Qxg6 43. Qd4 h4 44. Bxc4 bxc4 45. Qxc4 Qg3+ 46. Kf1
Qf4+ 47. Ke2 Qe5 48. Qd3 f5 49. Qf3 Qb2+ 50. Ke3 Qc1+ 51. Kf2 Qc2+ 52. Qe2 Qxe4
53. Qxe4 fxe4 54. Ke3 Ke8 55. Kxe4 Kd7 56. Kf5 Kc7 57. Ke6 1-0

[Event "First Saturday FM-B March 2014"]
[Site "Budapest"]
[Date "2014.03.05"]
[Round "4.3"]
[White "Lakat, Gyula"]
[Black "Szlenka, Attila"]
[Result "1/2-1/2"]
[WhiteElo "1789"]
[BlackElo "1804"]
[PlyCount "119"]
[EventDate "2014.03.01"]

1. d4 Nf6 2. c4 d6 3. Nc3 c6 4. e4 e5 5. Nf3 Nbd7 6. h3 Be7 7. Be3 a6 8. a4 O-O
9. Qc2 Re8 10. d5 c5 11. Be2 Nf8 12. Nh2 Ng6 13. Ng4 Qa5 14. Nxf6+ Bxf6 15. g3
Bd7 16. Bg4 Rad8 17. Bd2 Qc7 18. a5 b6 19. axb6 Qxb6 20. Nd1 Bxg4 21. hxg4 Ra8
22. Ba5 Qb7 23. f3 Reb8 24. Ra3 Qd7 25. Ne3 Be7 26. Nf5 Bf8 27. g5 Be7 28. f4
f6 29. Qh2 Nf8 30. g6 Qe8 31. gxh7+ Kh8 32. Bc7 Rb4 33. Bxd6 Bxd6 34. Nxd6 Qd7
35. fxe5 fxe5 36. Nf5 Rxc4 37. Qg2 Rc1+ 38. Kd2 Rxh1 39. Qxh1 Qb5 40. Kc1 Rb8
41. Qg2 Qc4+ 42. Kb1 Nxh7 43. Nd6 Qd4 44. g4 Ng5 45. Qe2 c4 46. Ka2 Kg8 47. Rc3
Rb4 48. Rxc4 Ra4+ 49. Kb3 Rxc4 50. Qxc4 Qd1+ 51. Ka2 Qxg4 52. Qxa6 Nxe4 53.
Qa8+ Kh7 54. Nf7 Qf5 55. Qh8+ Kg6 56. Nd8 Qd7 57. Qg8 Nc5 58. Nc6 Nd3 59. Qe6+
Qxe6 60. dxe6 1/2-1/2

[Event "First Saturday FM-B March 2014"]
[Site "Budapest"]
[Date "2014.03.05"]
[Round "4.4"]
[White "Oberfrank, Istvan"]
[Black "Szurkos, Andras"]
[Result "1-0"]
[WhiteElo "1820"]
[BlackElo "1740"]
[PlyCount "105"]
[EventDate "2014.03.01"]

1. d4 d5 2. Bf4 Nc6 3. e3 e6 4. Nd2 Bd6 5. Bg3 h5 6. f4 Nf6 7. Be2 Bd7 8. Bh4
Be7 9. Bxf6 Bxf6 10. Bxh5 g6 11. Be2 Bh4+ 12. Kf1 Qe7 13. Ndf3 O-O-O 14. Nxh4
Rxh4 15. Nf3 Rh6 16. c3 f6 17. b4 Nb8 18. a4 g5 19. fxg5 fxg5 20. Ne5 Nc6 21.
Ng4 Rh7 22. a5 Rf8+ 23. Kg1 Nd8 24. Qd3 Rfh8 25. Ne5 Be8 26. b5 c6 27. b6 a6
28. c4 c5 29. Qa3 Nc6 30. cxd5 Nxe5 31. dxe5 exd5 32. Bg4+ Kb8 33. Rc1 Qxe5 34.
Qxc5 Bc6 35. Rf1 Re8 36. h3 Rhe7 37. Bh5 Rd8 38. Bf3 Rde8 39. h4 g4 40. Bxg4
Qg7 41. Qd4 Qh6 42. Qf4+ Qxf4 43. exf4 d4 44. Kf2 Rd8 45. Re1 Rg7 46. Bf3 d3
47. Bxc6 bxc6 48. h5 c5 49. h6 Rh7 50. Ke3 c4 51. Kd2 Rg8 52. Rh2 Kb7 53. Kc3
1-0

[Event "First Saturday FM-B March 2014"]
[Site "Budapest"]
[Date "2014.03.05"]
[Round "4.5"]
[White "Greibrokk, Ingrid Andrea"]
[Black "Jacobsen, Elise Sjottem"]
[Result "1-0"]
[WhiteElo "1630"]
[BlackElo "1672"]
[PlyCount "89"]
[EventDate "2014.03.01"]

1. d4 Nf6 2. c4 c5 3. d5 b5 4. cxb5 a6 5. bxa6 Bxa6 6. Nc3 g6 7. e4 Bxf1 8.
Kxf1 d6 9. g3 Bg7 10. Kg2 O-O 11. Nf3 Nbd7 12. Qc2 Qa5 13. Bd2 Rfb8 14. Rhe1
Ng4 15. Nd1 Qb5 16. Bc3 Bxc3 17. Qxc3 Nge5 18. Nxe5 Nxe5 19. b3 Qd3 20. Re3
Qxc3 21. Nxc3 Rxb3 22. axb3 Rxa1 23. f4 Ng4 24. Re2 Ra3 25. e5 Rxb3 26. exd6
exd6 27. Ne4 Ne3+ 28. Kf2 Nf5 29. g4 Nd4 30. Nf6+ Kg7 31. Ne8+ Kf8 32. Re4 Rb2+
33. Kf1 Nb5 34. Nf6 Kg7 35. g5 Nc7 36. Re7 Rb7 37. Rxc7 Rxc7 38. Ne8+ Kf8 39.
Nxc7 Ke7 40. Nb5 c4 41. Ke2 Kd7 42. Ke3 Ke7 43. Kd4 Kd7 44. Kxc4 Ke7 45. Kb4
1-0

[Event "First Saturday FM-B March 2014"]
[Site "Budapest"]
[Date "2014.03.06"]
[Round "5.1"]
[White "Jacobsen, Elise Sjottem"]
[Black "Bensaid, Simon"]
[Result "1-0"]
[WhiteElo "1672"]
[BlackElo "1782"]
[PlyCount "83"]
[EventDate "2014.03.01"]

1. e4 d5 2. exd5 Qxd5 3. Nf3 Bg4 4. Be2 Nf6 5. O-O e6 6. d4 Nc6 7. c4 Qd6 8.
Be3 O-O-O 9. Qb3 Qb4 10. Nbd2 Na5 11. Qc2 Bf5 12. Qc1 Nc6 13. a3 Qd6 14. b4 e5
15. d5 Nb8 16. Bc5 Qd7 17. Nxe5 Qe8 18. Bd4 Nfd7 19. Bg4 Bxg4 20. Nxg4 f6 21.
Bxa7 h5 22. Ne3 Ne5 23. Bd4 Nbd7 24. f4 Ng4 25. Nf5 g6 26. Nh4 Bd6 27. c5 Be7
28. Re1 Qf7 29. d6 Bf8 30. b5 Qd5 31. Ndf3 g5 32. fxg5 fxg5 33. Bxh8 Nxc5 34.
Rd1 Qb3 35. Qxc5 Bxd6 36. Qf5+ Kb8 37. Bd4 gxh4 38. Qxh5 Rg8 39. Re1 Nf6 40.
Bxf6 Rxg2+ 41. Kxg2 h3+ 42. Qxh3 1-0

[Event "First Saturday FM-B March 2014"]
[Site "Budapest"]
[Date "2014.03.06"]
[Round "5.2"]
[White "Szurkos, Andras"]
[Black "Greibrokk, Ingrid Andrea"]
[Result "1-0"]
[WhiteElo "1740"]
[BlackElo "1630"]
[PlyCount "93"]
[EventDate "2014.03.01"]

1. e4 c5 2. b4 cxb4 3. a3 bxa3 4. Bxa3 Nc6 5. Bc4 d6 6. d4 g6 7. c3 Bg7 8. Nf3
Nf6 9. Nbd2 O-O 10. h4 h6 11. Nh2 d5 12. Be2 Nxe4 13. Nxe4 dxe4 14. g4 b6 15.
f4 exf3 16. Bxf3 Bb7 17. Be4 Qc7 18. Qf3 Na5 19. Bxb7 Qxb7 20. Kf2 Qxf3+ 21.
Nxf3 Rfe8 22. Rhe1 e6 23. Nd2 Bf8 24. Bb2 Be7 25. Rh1 Rec8 26. Ra4 Nb7 27. Ke3
Nd6 28. Kd3 f5 29. g5 hxg5 30. hxg5 Bxg5 31. Nf3 Bf4 32. Raa1 Nc4 33. Bc1 Bxc1
34. Raxc1 b5 35. Rcg1 Kg7 36. Ng5 e5 37. Rh7+ Kg8 38. Rgh1 e4+ 39. Ke2 Nd6 40.
R1h6 Kf8 41. Ne6+ Ke8 42. Rxg6 Nf7 43. Ng7+ Kf8 44. Nxf5 Rd8 45. Rf6 Ke8 46.
Rhxf7 a5 47. Re7# 1-0

[Event "First Saturday FM-B March 2014"]
[Site "Budapest"]
[Date "2014.03.06"]
[Round "5.3"]
[White "Szlenka, Attila"]
[Black "Oberfrank, Istvan"]
[Result "1-0"]
[WhiteElo "1804"]
[BlackElo "1820"]
[PlyCount "67"]
[EventDate "2014.03.01"]

1. g3 Nf6 2. Bg2 e5 3. c4 c6 4. Nc3 d6 5. d3 Nbd7 6. e4 h6 7. Nge2 Be7 8. O-O
O-O 9. h3 g5 10. b3 Nc5 11. f4 Nh7 12. fxg5 Bxg5 13. h4 Bxc1 14. Rxc1 Bg4 15.
Qd2 Kg7 16. Kh2 f6 17. d4 Na6 18. d5 Qe7 19. Nd1 c5 20. Ne3 Qd7 21. Nxg4 Qxg4
22. Rf5 Kh8 23. Bf3 Qg7 24. Rh5 Kg8 25. Rxh6 Ng5 26. hxg5 fxg5 27. Rh5 Rf6 28.
Bg4 Kf7 29. Kg2 Qg6 30. Qe3 Ke7 31. Rch1 Rg8 32. Rh7+ Rg7 33. Rxg7+ Qxg7 34.
Bf5 1-0

[Event "First Saturday FM-B March 2014"]
[Site "Budapest"]
[Date "2014.03.06"]
[Round "5.4"]
[White "Ongut, Tamas Gunes"]
[Black "Lakat, Gyula"]
[Result "0-1"]
[WhiteElo "1531"]
[BlackElo "1789"]
[PlyCount "100"]
[EventDate "2014.03.01"]

1. e4 e6 2. d4 d5 3. exd5 exd5 4. Be2 Nf6 5. Nf3 Be7 6. O-O O-O 7. Bf4 Bg4 8.
c3 Nh5 9. Be3 g6 10. Ne5 Bxe2 11. Qxe2 f6 12. Nd3 Bd6 13. Qf3 c6 14. Nd2 Qc7
15. g3 Nd7 16. Rfe1 Rfe8 17. Nc1 Re7 18. Nd3 Rae8 19. Qg2 f5 20. Bg5 Nhf6 21.
Bxf6 Nxf6 22. f3 Qb6 23. Nb3 a5 24. Kf1 Qb5 25. Qd2 b6 26. Rad1 a4 27. Nbc1 c5
28. dxc5 bxc5 29. Kg2 c4 30. Rxe7 Rxe7 31. Nf2 Bc5 32. Ne2 Be3 33. Qc2 Rb7 34.
Rb1 a3 35. Nd1 Ba7 36. h3 Qe8 37. Kf1 Qb8 38. Qa4 Qd6 39. b4 h5 40. Kg2 Qe5 41.
Qc2 g5 42. Qd2 Rg7 43. Nf2 Be3 44. Qc2 f4 45. g4 Bxf2 46. Kxf2 Qe3+ 47. Kg2
hxg4 48. hxg4 Nxg4 49. fxg4 f3+ 50. Kf1 fxe2+ 0-1

[Event "First Saturday FM-B March 2014"]
[Site "Budapest"]
[Date "2014.03.06"]
[Round "5.5"]
[White "Machlik, Endre"]
[Black "Jarai, Csenge"]
[Result "1-0"]
[WhiteElo "1763"]
[BlackElo "1523"]
[PlyCount "89"]
[EventDate "2014.03.01"]

1. d4 Nf6 2. c4 e6 3. Nc3 Bb4 4. Qc2 Nc6 5. Nf3 d6 6. a3 Bxc3+ 7. Qxc3 a5 8. e3
O-O 9. Bd3 e5 10. dxe5 dxe5 11. Bc2 Qe7 12. b3 h6 13. Bb2 Re8 14. O-O-O Ng4 15.
Rd2 f5 16. h3 Nf6 17. Nh4 Ne4 18. Bxe4 fxe4 19. g3 g5 20. Ng2 h5 21. h4 g4 22.
Nf4 Qf7 23. Rhd1 Be6 24. Nxe6 Qxe6 25. Rd7 Re7 26. Rxe7 Qxe7 27. Qc2 Qh7 28.
Rd5 Re8 29. Bc3 b6 30. b4 axb4 31. axb4 Qf5 32. Qa4 Qe6 33. b5 Qf6 34. bxc6
Qxf2 35. Rxe5 Qxe3+ 36. Kb2 Rf8 37. Rg5+ Kh7 38. Rxh5+ Kg6 39. Rg5+ Kh7 40. Qd1
Qf2+ 41. Kb3 Kh6 42. Qxg4 Qf7 43. Bg7+ Kh7 44. Bxf8 Qf3+ 45. Qxf3 1-0

[Event "First Saturday FM-B March 2014"]
[Site "Budapest"]
[Date "2014.03.08"]
[Round "6.2"]
[White "Lakat, Gyula"]
[Black "Machlik, Endre"]
[Result "1-0"]
[WhiteElo "1789"]
[BlackElo "1763"]
[PlyCount "149"]
[EventDate "2014.03.01"]

1. e4 c6 2. d4 d5 3. Nd2 dxe4 4. Nxe4 Bf5 5. Ng3 Bg6 6. h4 h6 7. Nf3 Nd7 8. Bd3
Bxd3 9. Qxd3 Ngf6 10. Bd2 e6 11. O-O-O Qc7 12. Kb1 O-O-O 13. c4 c5 14. Qa3 Kb8
15. Qa5 Qxa5 16. Bxa5 b6 17. Bc3 cxd4 18. Nxd4 Kb7 19. Nb5 Rc8 20. b3 a6 21.
Nd6+ Bxd6 22. Rxd6 Kc7 23. Rd2 Rcd8 24. Rhd1 Nc5 25. f3 Rxd2 26. Rxd2 Rd8 27.
Be5+ Kc8 28. Kc2 Rxd2+ 29. Kxd2 Ncd7 30. Bd6 Kb7 31. Ne2 Kc6 32. Be7 Nc5 33.
Bf8 Ne8 34. Nd4+ Kc7 35. Kc3 Nd7 36. Be7 g6 37. b4 e5 38. Nc2 Kc6 39. a4 a5 40.
b5+ Kb7 41. Ne3 Nc7 42. Ng4 h5 43. Nh6 f5 44. Nf7 Ne6 45. Bd6 e4 46. fxe4 fxe4
47. Kd2 Ndc5 48. Bxc5 Nxc5 49. Ke3 Nxa4 50. Nd6+ Kc7 51. Nxe4 Kd7 52. Kd4 Kc7
53. Nf6 Nc5 54. Nd5+ Kb7 55. Nf4 a4 56. Nxg6 Ne4 57. Kd3 Nd6 58. Kc3 Nf5 59.
Kb4 Ne3 60. Kxa4 Nxc4 61. Nf4 Ne3 62. g3 Nf5 63. Nxh5 Kc7 64. Kb4 Kd6 65. Kc4
Ke5 66. Kd3 Kd5 67. Nf4+ Kc5 68. Ne2 Kxb5 69. Nd4+ Nxd4 70. Kxd4 Ka4 71. h5 b5
72. h6 b4 73. h7 b3 74. h8=Q b2 75. Qb8 1-0